Pokémon - Attacken von Schlukwech in KA/PU - Statistiken

Allgemein
  • Dieses Quiz wurde 2 mal gespielt
  • Das Durchschnittsergebnis liegt bei 47 aus 64
Antwortstatistiken
Antwort % Korrekt
Amnesie
100%
Bodycheck
100%
Dampfwalze
100%
Delegator
100%
Donnerschlag
100%
Donnerwelle
100%
Eishieb
100%
Eisstrahl
100%
Erdbeben
100%
Feuerschlag
100%
Fluch
100%
Gifthieb
100%
Giftschock
100%
Giftspitzen
100%
Gigasauger
100%
Hyperstrahl
100%
Klaps
100%
Lehmschelle
100%
Lehmschuss
100%
Magensäfte
100%
Matschbombe
100%
Mülltreffer
100%
Raub
100%
Regentanz
100%
Risikotackle
100%
Säurespeier
100%
Schlammwoge
100%
Schutzschild
100%
Solarstrahl
100%
Sonnentag
100%
Spukball
100%
Toxin
100%
Abgangsbund
50%
Abschlag
50%
Aquawelle
50%
Ausdauer
50%
Body Press
50%
Bodyslam
50%
Durchbruch
50%
Entfessler
50%
Erholung
50%
Fassade
50%
Gähner
50%
Giftwolke
50%
Gigastoß
50%
Horter
50%
Klärsmog
50%
Kugelsaat
50%
Leidteiler
50%
Metronom
50%
Rechte Hand
50%
Samenbomben
50%
Säurepanzer
50%
Schlafrede
50%
Schlammbad
50%
Schleuder
50%
Schwerttanz
50%
Tera-Ausbruch
50%
Verzehrer
50%
Zen-Kopfstoß
50%
Zugabe
50%
Backenstopfer
0%
Rülpser
0%
Smog
0%
Keine übereinstimmenden Quizze gefunden
Verteilung der Resultate
Anzahl Personen mit jedem Resultat
Perzentil nach korrekt beantworteten Fragen
Ihre Resultats-Entwicklung
Sie haben dieses Quiz noch nicht gespielt